| 000 | 00568nam a2200157 i 4500 | ||
|---|---|---|---|
| 001 | 22793 | ||
| 003 | ES-MaACL | ||
| 005 | 20230906152746.0 | ||
| 007 | t| | ||
| 008 | 021204s1984 sp ||||1| spa d | ||
| 100 | 1 |
_aAlvarez Rendueles, José Ramón. _920929 |
|
| 245 | 1 | 0 |
_aDiscurso pronunciado por José Ramón Alvarez Rendueles, Gobernador del Banco de España ante el Consejo General / _cJosé Ramón Alvarez Rendueles. |
| 260 |
_a[Madrid : _bs.n., _c1984] ( _fTall. Gráf. Banco de España) |
||
| 300 |
_a18 p. ; _c26 cm. |
||
| 852 |
_aES-MaACL _j2133-F-14 _bR.106573 |
||
| 999 |
_c22793 _d22793 |
||